000 00764nam a2200217Ii 4500
003 JO-AjNU
008 230605s9999||||xx |||||||||||||| ||und||
017 _a1983/2202
020 _a977-10-0051-9
040 _aJO-AjNU
_bara
_erda
_cJO-AjNU
041 _aara
050 1 4 _aGV1017.V6.W57745 1985
100 3 _aالوشاحي، عصام,
_eauthor
_921052
245 0 0 _aالكرة الطائرة للناشئين وتلاميذ المدارس، الجزء الثاني
264 3 1 _aالقاهرة: دار الفكر العربي، 1985
300 _aج2، 315ص
336 _atext
_btxt
_2rdacontent
337 _aunmediated
_bn
_2rdamedia
338 _avolume
_bnc
_2rdacarrier
650 4 _aالكرة الطائرة - الرياضة- المدارس
_921053
999 _aA7249
_c10817
_d10817